Optimalizácia daňového a odvodového zaťaženia vybraného podniku bakalárska práca

Saved in:
Bibliographic Details
Main Author: Kriváňová, Beáta
Corporate Author: Podnikovohospodárska fakulta EU so sídlom v Košiciach. Katedra finančného riadenia podniku
Other Authors: Simonidesová, Jana, 1968-
Format: Book
Language:Slovak
Published: Košice 2016
Tags: Add Tag
No Tags, Be the first to tag this record!

MARC

LEADER 00000nbm a2200000 4500
001 0217651
005 20161212140019.8
041 0 |a slo 
044 |a SK 
245 1 0 |a Optimalizácia daňového a odvodového zaťaženia vybraného podniku  |b bakalárska práca  |c Beáta Kriváňová ; školiteľ: Jana Simonidesová 
264 1 |a Košice  |c 2016 
300 |a 52 s. 
100 1 |a Kriváňová, Beáta 
700 1 |a Simonidesová, Jana, 1968- 
710 2 |a Podnikovohospodárska fakulta EU so sídlom v Košiciach. Katedra finančného riadenia podniku